| 000 | 03020cam a22003614a 4500 | ||
|---|---|---|---|
| 999 |
_c128744 _d128744 |
||
| 001 | 14179160 | ||
| 003 | ARRUPE | ||
| 005 | 20190108115730.0 | ||
| 008 | 051123s2006 cau b 000 0 eng | ||
| 010 | _a 2005034431 | ||
| 020 | _a9781578633746 (alk. paper) | ||
| 020 | _a9781578633746 | ||
| 020 | _a1578633745 (alk. paper) | ||
| 035 | _a(OCoLC)ocm62393128 | ||
| 035 | _a(OCoLC)62393128 | ||
| 040 |
_aDLC _cDLC _dYDXCP _dBAKER _dVP@ _dOCO _dOCLCQ _dQBX _dBTCTA _dDLC |
||
| 042 | _apcc | ||
| 050 | 0 | 0 |
_aBL240.3 _b.H35 2006 |
| 082 | 0 | 0 |
_a215 _222 |
| 100 | 1 |
_aHaisch, Bernard, _d1949- _917689 |
|
| 245 | 1 | 4 |
_aThe God theory : _buniverses, zero-point fields and what's behind it all / _cBernard Haisch. |
| 260 |
_aSan Francisco, CA : _bWeiser Books, _c2006. |
||
| 300 |
_axii, 157 p. ; _c24 cm. |
||
| 504 | _aIncludes bibliographical references (p. [155]-157). | ||
| 505 | 0 | _aPersonal journey -- From archabbey to astrophysics -- Launching a career -- Age of discovery -- Return of the astronomer-priest -- Asking fundamental questions -- The God theory and creation -- The God theory, karma, and the golden rule -- The God theory and reductionism -- Explaining creation -- Creation by subtraction -- Polarity -- The God theory and consciousness -- Reductionism and a spiritual worldview -- Superstrings and the supernatural -- A spiritual worldview -- No need for intelligent design -- Explaining consciousness -- Three views of consciousness -- Consciousness and physiology -- The brain as filter -- The primacy of consciousness -- Opposite perspectives -- "There can be no evidence for something that is false" -- The random, unconscious, "just-right" universe -- Inflation theory -- The zero-point field -- The Casimir force -- Zeroing in on the zero-point field -- Into the void -- Deriving Newton's postulate -- Inertia -- Inertial reaction -- Defending the theory -- A boost from NASA -- Following the light -- The light of creation -- Kabbalah -- The big bang -- God and the theory of everything -- A God beyond matter -- The manifest God -- Asking God -- Ayin -- Creation as a timeless process -- Atomic stability and the universal timekeeper -- An infinite number of universes -- A universe of consciousness -- Many worlds and quantum mechanics -- A purposeful universe -- Exoteric and esoteric knowledge -- The God theory, Christianity, and humanism -- Final thoughts. | |
| 650 | 0 |
_aReligion and science. _943889 |
|
| 650 | 0 |
_aGod. _943890 |
|
| 650 | 0 |
_aZero-point field. _943891 |
|
| 856 | 4 | 1 |
_3Table of contents _uhttp://www.loc.gov/catdir/toc/ecip064/2005034431.html |
| 906 |
_a7 _bcbc _corignew _d1 _eecip _f20 _gy-gencatlg |
||
| 942 |
_2lcc _cMONOGRAPH |
||